| 000 | 01023nam a2200313Ia 4500 | ||
|---|---|---|---|
| 003 | OSt | ||
| 005 | 20221007125649.0 | ||
| 006 | a|||||r|||| 00| 0 | ||
| 007 | ta | ||
| 008 | 221006b |||||||| |||| 00| 0 eng d | ||
| 020 |
_a0199288585 (pbk) _cRs.695.00 |
||
| 024 | _a65431 | ||
| 037 |
_b91/2006-07, 12/09/2006, Educational Book Agency (India) _cTextual |
||
| 040 |
_aCDL _cCDL _beng |
||
| 041 |
_2eng _aeng |
||
| 082 | _aE:2g, P6-;1 Carc | ||
| 100 |
_aAtkins P W _9471153 |
||
| 245 | 0 |
_aPhysical chemistry _b Trapp C A Cady M P Giunta C |
|
| 250 | _a8 | ||
| 260 |
_aNew _bYork Oxford University Press _c2006 |
||
| 300 |
_aix, 547p. _ccm. |
||
| 650 |
_a Physical chemistry _9192709 |
||
| 650 | _aChemistry | ||
| 700 |
_a Cady M P _9721815 |
||
| 700 |
_a Giunta C _9722288 |
||
| 700 |
_a Trapp C A _9721816 |
||
| 942 |
_hE:2g, P6-;1 Carc _cTEXL _2CC |
||
| 999 |
_c1215670 _d1215670 |
||